000 00454nam a2200181Ia 4500
001 8088
005 20260306160543.0
008 260306t2022||||xx |||||||||||||| ||spa||
041 _aESP
082 _a370.1
_bM96
100 _aMuñoz Moreno, José Luis,
_eAUT
245 0 _aDiseño y desarrollo de las organizaciones educativas
260 _c2022
300 _a294 páginas :
_c24 cm.
650 _aGEN
654 _aCED
942 _cLIB
_dJUS
_fJUS
_2ddc
_n
999 _c8088
_d8088